Избранные лекции по нейтронной физике. Кн. 2: Радиационная радиография и томография | Нейтроны и исследование геофизических скважин (Запись № 13259512)

Подробности
000 -МАРКЕР
контрольное поле 01629nam2a2200313 4500
001 - ИДЕНТИФИКАТОР ЗАПИСИ
контрольное поле RU\NLR\BIBL_A\022347495
005 - ИДЕНТИФИКАТОР ВЕРСИИ
контрольное поле 20251003104854.0
010 ## - МЕЖДУНАРОДНЫЙ СТАНДАРТНЫЙ НОМЕР КНИГИ (ISBN)
Номер (ISBN) 978-5-00217-372-3
Тираж 30
021 ## - НОМЕР ГОСУДАРСТВЕННОЙ РЕГИСТРАЦИИ
Код страны Российская Федерация
Номер КН-П-24-049330
Номер Листа государственной регистраци КН-П-24-4902
035 ## - ДРУГИЕ СИСТЕМНЫЕ НОМЕРА
Идентификатор записи (NLR Aleph) 022347495
100 ## - ДАННЫЕ ОБЩЕЙ ОБРАБОТКИ
Данные общей обработки 20241009d2024 k y0rusy50 ca
101 0# - ЯЗЫК РЕСУРСА
Язык текста, звукозаписи и т.д. русский
102 ## - СТРАНА ПУБЛИКАЦИИ ИЛИ ПРОИЗВОДСТВА
Страна публикации Российская Федерация
105 ## - ПОЛЕ КОДИРОВАННЫХ ДАННЫХ: ТЕКСТОВЫЕ МАТЕРИАЛЫ, МОНОГРАФИЧЕСКИЕ
Кодированные данные о монографическом текстовом документе a z 000yy
200 1# - ЗАГЛАВИЕ И СВЕДЕНИЯ ОБ ОТВЕТСТВЕННОСТИ
Основное заглавие Радиационная радиография и томография
-- Нейтроны и исследование геофизических скважин
210 ## - ПУБЛИКАЦИЯ, РАСПРОСТРАНЕНИЕ И ДР.
Дата издания, распространения и т.д. 2024
215 ## - ФИЗИЧЕСКАЯ ХАРАКТЕРИСТИКА
Специфическое обозначение материала и объем 176 с.
Другие сведения о физической характеристике ил., цв. ил., табл.
320 ## - ПРИМЕЧАНИЯ О НАЛИЧИИ В ДОКУМЕНТЕ БИБЛИОГРАФИИ / УКАЗАТЕЛЯ
Текст примечания Библиогр. в конце гл.
461 #0 - УРОВЕНЬ НАБОРА
Встроенное поле 001RU\NLR\BIBL_A\022061503
-- 2001#$aИзбранные лекции по нейтронной физике$fБармаков Ю. Н., Микеров В. И., Юрков Д. И.$vКн. 2
-- 700#1$aБармаков$bЮ. Н.$f1932-$gЮрий Николаевич
Системный номер (АБИС) связанной записи 12629121
Автор Бармаков, Ю. Н. (1932-)
Место публикации Москва
Дата публикации 2023
Первые сведения об ответственности Бармаков Ю. Н., Микеров В. И., Юрков Д. И.
Имя издателя, распространителя и т.д. Эдитус
Заглавие Избранные лекции по нейтронной физике
Номер тома Кн. 2
606 1# - НАИМЕНОВАНИЕ ТЕМЫ КАК ПРЕДМЕТ
Наименование темы Нейтронные генераторы
Системный номер авторитетной/нормативной записи 1363721
Идентификатор авторитетной/нормативной записи RU\NLR\AUTH\66256476
606 1# - НАИМЕНОВАНИЕ ТЕМЫ КАК ПРЕДМЕТ
Наименование темы Каротаж радиоактивный
Системный номер авторитетной/нормативной записи 1351744
Идентификатор авторитетной/нормативной записи RU\NLR\AUTH\66249951
606 1# - НАИМЕНОВАНИЕ ТЕМЫ КАК ПРЕДМЕТ
Наименование темы Каротаж нейтронный
Системный номер авторитетной/нормативной записи 1261902
Идентификатор авторитетной/нормативной записи RU\NLR\AUTH\66518187
686 1# - ИНДЕКСЫ ДРУГИХ КЛАССИФИКАЦИЙ
Индекс Д443.426
686 1# - ИНДЕКСЫ ДРУГИХ КЛАССИФИКАЦИЙ
Индекс В381.25
942 ## - ДОПОЛНИТЕЛЬНЫЕ ЭЛЕМЕНТЫ ЗАПИСИ (АБИС)
Тип экземпляра АБИС Книга
980 ## - КОЛЛЕКЦИЯ
Название коллекции Национальная библиография
Экземпляры
Тип экземпляра Дата поступления Источник поступления Библиотека постоянного хранения Библиотека текущего хранения Место хранения Шифр хранения Штрих-код Статус экземпляра
Книга 09.10.2024 Обязательный экземпляр РНБ (Московский) РНБ (Московский) Русский книжный фонд 2023-3/22560 1-4722924  
Книга 09.10.2024 Обязательный экземпляр РНБ (Московский) РНБ (Московский) Русский книжный фонд: издания с 1957 года 2023-3/22560 1-4722923